Complete the Movie Title (1996) - Statistics

General Stats
  • This quiz has been taken 333 times
  • The average score is 19 of 25
Answer Stats
Hint Answer % Correct
Independence _____ Day
98%
The _____ of Notre Dame Hunchback
97%
James and the Giant _____ Peach
91%
The Nutty _____ Professor
91%
Space _____ Jam
89%
That _____ You Do! Thing
88%
Star Trek: First _____ Contact
87%
The _____ Guy Cable
86%
The English _____ Patient
86%
12 _____ Monkeys
82%
The Preacher’s _____ Wife
80%
Broken _____ Arrow
79%
The First _____ Club Wives
76%
Tin _____ Cup
74%
Dragon_____ Heart
73%
The Crow: City of _____ Angels
71%
Harriet the _____ Spy
69%
The _____ of Dr. Moreau Island
66%
The _____ Has Two Faces Mirror
66%
_____ Under Fire Courage
64%
_____ in the Bronx Rumble
63%
Mr. Holland’s _____ Opus
62%
Black _____ Sheep
59%
The Ghost and the _____ Darkness
50%
First _____ Kid
28%
No matching quizzes found
Score Distribution
Percent of People with Each Score
Percentile by Number Answered
Your Score History
You have not taken this quiz